Economic Concepts and Idioms in English Business Communication
Salvato in:
| Autore principale: | |
|---|---|
| Altri autori: | , , , |
| Natura: | Libro |
| Lingua: | inglese |
| Pubblicazione: |
České Budějovice
Vysoká škola evropských a regionálních studií
2019
|
| Edizione: | 1. vydanie |
| Soggetti: | |
| Tags: |
Nessun Tag, puoi essere il primo ad aggiungerne!!
|
MARC
| LEADER | 00000nam a2200000 4500 | ||
|---|---|---|---|
| 001 | 0261049 | ||
| 005 | 20200217085119.8 | ||
| 020 | |a 978-80-7556-060-5 | ||
| 041 | 0 | |a eng | |
| 044 | |a CZ | ||
| 245 | 1 | 0 | |a Economic Concepts and Idioms in English Business Communication |c Zuzana Hrdličková, Jarmila Rusiňáková, Eva Maierová ; recenzenti: Magdaléna Bilá, Helena Šajgalíková |
| 250 | |a 1. vydanie | ||
| 264 | 1 | |a České Budějovice |b Vysoká škola evropských a regionálních studií |c 2019 | |
| 300 | |a 212 s. | ||
| 610 | 2 | 0 | |a angličtina |
| 610 | 2 | 0 | |a jazyk odborný |
| 610 | 2 | 0 | |a vzťahy obchodné |
| 610 | 2 | 0 | |a frazeológia |
| 610 | 2 | 0 | |a komunikácia obchodná |
| 100 | 1 | |a Hrdličková, Zuzana | |
| 700 | 1 | |a Rusiňáková, Jarmila, 1959- | |
| 700 | 1 | |a Maierová, Eva, 1965- | |
| 700 | 1 | |a Bilá, Magdaléna | |
| 700 | 1 | |a Šajgalíková, Helena | |